Essential Information Group (Record no. 120177)

MARC details
000 -LEADER
fixed length control field 00783cam a2200193 4500
001 - CONTROL NUMBER
control field WS119303
008 - FIXED-LENGTH DATA ELEMENTS--GENERAL INFORMATION
fixed length control field 020813n 000 0 eng u
035 ## - SYSTEM CONTROL NUMBER
System control number (Sirsi) u119303
110 ## - MAIN ENTRY--CORPORATE NAME
Corporate name or jurisdiction name as entry element Essential Information Group
9 (RLIN) 4336
245 ## - TITLE STATEMENT
Title Essential Information Group
520 ## - SUMMARY, ETC.
Summary, etc. Web site for this one stop shop for information relating to property auctions covering over 25,000 lots each year. It is free to view listings and full information is available as a subscription service.
650 ## - SUBJECT ADDED ENTRY--TOPICAL TERM
Topical term or geographic name entry element PROPERTY-COMMERCIAL PROPERTY
650 ## - SUBJECT ADDED ENTRY--TOPICAL TERM
Topical term or geographic name entry element RESIDENTIAL PROPERTY
9 (RLIN) 6266
650 ## - SUBJECT ADDED ENTRY--TOPICAL TERM
Topical term or geographic name entry element AUCTION RESULTS
650 ## - SUBJECT ADDED ENTRY--TOPICAL TERM
Topical term or geographic name entry element SUBSCRIPTION SERVICE
690 ## - LOCAL SUBJECT ADDED ENTRY--TOPICAL TERM (OCLC, RLIN)
Topical term or geographic name as entry element Auctioneering
9 (RLIN) 6218
856 40 - ELECTRONIC LOCATION AND ACCESS
Uniform Resource Identifier <a href="https://www.eigroup.co.uk">https://www.eigroup.co.uk</a>
Public note View the website free of charge at www.eigroup.co.uk...
942 ## - ADDED ENTRY ELEMENTS (KOHA)
Suppress in OPAC 0
Holdings
Withdrawn status Lost status Source of classification or shelving scheme Damaged status Not for loan Home library Current library Shelving location Date acquired Total Checkouts Full call number Barcode Date last seen Copy number Price effective from Koha item type
    Dewey Decimal Classification     Virtual Virtual Online 13/08/2002   WEB SITE 119303-2001 06/08/2019 1 06/08/2019 Online material